LEADER 00549nas a2200157 i 4500 001 000000017015 003 CaOOAMICUS 005 20180830125443.0 008 180830n it u0 ita u 040 $aSeMil$bita 245 10$aCollezione teatro moderno /$cA cura di Paolo Grassi. 260 $aMilano :$bRosa e Ballo,$c[194?] 300 $av. ;$c16 cm. 700 1 $aGrassi, Paolo.$0(OLS)http://semarc/name/4046 996 $6245$aCollezione teatro moderno$9(OLS)http://semarc/title/22502 996 $6260$aMilano :$bRosa e Ballo$9(OLS)http://semarc/publisher/34543 LEADER 00813nam a2200181 i 4500 001 000000081343 003 CaOOAMICUS 005 20180319000000.0 008 180319s1789 xx u000 u fre u 013 $a53583 026 $ader, r.es p-er flpr (3) 1789 (R) 040 $aSeMil$bita 245 10$aTome 1. 300 $aXLIV, 322 p., [2] carte di tav. ripieg. :$bill. 773 0 $aLavoisier, Antoine-Laurent : de <1743-1794>$tTraité élémentaire de chimie, présenté dans un ordre nouveau et d'après les découvertes modernes; avec figures: par M. Lavoisier ... Tome 1. [-2.].$dA Paris : Chez Cuchet, libraire, rue & hôtel Serpente, 1789.$g1$w()25032 850 $aSeMil 852 $aSeMil$W1$xVenegono$y1$m3W II 111 FA$j46597$B46597$CSeMilBibl$Z2$F48942 $8I 996 $6245$aTome 1$9(OLS)http://semarc/title/1447